Odgadnij jaki to klub piłkarski z Polski - Statystyki

Ogólne statystyki
  • Ten quiz został rozwiązany 402 razy
    349 od ostatniego zresetowania
  • Średni wynik to 9 z 14
Statystyki odpowiedzi
Hint Odpowiedź % Poprawnych
Ich przydomek to "Wojskowi". Aktualnie gra w Ekstraklasie Legia Warszawa
98%
Klub ze siedzibą w Krakowie. Ich przydomek to "Pasy". Cracovia
91%
Klub z podlasia. Ich maskotka nazywa sie "Pszczoła" Jagiellonia Białystok
84%
Jedyny Klub z województwa zachodnio pomorskiego grający w Ekstraklasie. Pogoń Szczecin
82%
Klub ze Śląska. Zdobył raz mistrzostwo w 2019 roku. Piast Gliwice
81%
Wigry.... Klub z Podlasia w 1 lidze. Wigry Suwałki
80%
Klub powstał w 1912. Siedziba to Poznań. Warta Poznań
79%
Klub z Podkarpacia. Przydomek "Biało-niebiescy". Stal... Stal Mielec
66%
Barwy tego klubu są niebiesko-czerwone. Przydomek to "Oderka". Odra Opole
64%
Klub który gra w 3 lidze a swoje domowe spotkania rozgrywa na stadionie Szombierek Bytom Polonia Bytom
60%
W tym klubie gra Marcin Robak. Zajmuje 9 miejsce w tabeli wszech czasów Ekstraklasy. Widzew Łódź
58%
Ich barwy to żółto-biało-niebieskie. Powstał w 1950. Z woj. Lubelskiego. Motor Lublin
49%
Ich przydomek to "Chluba Grodu Tura". Aktualnie występuje w 1 lidze. Chojniczanka Chojnice
10%
Klub założony w 1946 roku.występujący w IV lidze. Przydomek "KSG" Górnik Wałbrzych
5%
Nie znaleziono quizów pasujących do podanych kryteriów
Rozkład punktacji
Procent ludzi z każdym wynikiem
Percentyl według liczby udzielonych odpowiedzi
Twoja historia wyników
Nie rozwiązałeś tego quizu od ostatniego zresetowania